000 00991nam a22002657a 4500
001 4076
003 FISKH
005 20240605141108.0
008 240605b cb ||||| |||| 00| 0 eng d
020 _a9780439816168
040 _aFISKH
_beng
_cFISKH
_dFISKH
050 _aPZ7
082 _a428.1
100 _aTuxworth, Nicola
245 _aLet's look at opposites /
_cNicola Tuxworth
250 _aThis edition published by Lorenz Books in 2001
260 _aNew York :
_bLorenz Books,
_c1996
300 _a20 unnumbered pages :
_bcolor illustrations ;
_c21 cm
520 _aPart of the LET'S LOOK AT series, an introduction to the concept of opposites, which is designed to prepare children aged 2-5 years for the first stages of the National Curriculum. Written in bold type and illustrated with colour photographs.
521 8 _a370
_bLexile estimate
521 8 _aG
_bRaz-Plus
650 _aMath Concepts
_xOpposites
942 _2ddc
_cBK
_n0
999 _c4076
_d4076